Sports Quiz

Random Sports or NHL Quiz

All-Time NHL Division Names Quiz Stats

 Plays Quiz not verified by Sporcle

Score 0/15 Timer 01:30
0 Plays Today
Years Active Division % Correct
1993-presentAtlantic
92.5%
1993-presentPacific
92.1%
1993-presentCentral
90.5%
1998-2013Southeast
85.8%
1993-2013Northeast
85%
1998-2013Northwest
83.8%
1967-1974West
74.4%
1967-1974East
74.2%
Years Active Division % Correct
2013-presentMetropolitan
71.8%
1974-1993Norris
68%
1974-1993Patrick
66.8%
1974-1993Smythe
58.9%
1974-1993Adams
57.5%
1926-1938American
37.8%
1926-1938Canadian
37.8%

You're not logged in!

Compare scores with friends on all Sporcle quizzes.
OR
Log In

You Might Also Like...

Show Comments

Extras

Top Quizzes Today


Score Distribution

Your Account Isn't Verified!

In order to create a playlist on Sporcle, you need to verify the email address you used during registration. Go to your Sporcle Settings to finish the process.

Report this User

Report this user for behavior that violates our Community Guidelines.

Details: